Central Library OPAC University of Rajshahi

Agricultural libraries and information system in Bangladesh / (Record no. 810)

MARC details
000 -LEADER
fixed length control field 00762nam a22002417a 4500
001 - CONTROL NUMBER
control field 810
003 - CONTROL NUMBER IDENTIFIER
rucl marc code BD-RjUL
005 - DATE AND TIME OF LATEST TRANSACTION
control field 20211208233231.0
008 - FIXED-LENGTH DATA ELEMENTS--GENERAL INFORMATION
fixed length control field 131123s2005 bg ||||| |||| 000 0 eng d
020 ## - INTERNATIONAL STANDARD BOOK NUMBER
International Standard Book Number 9843227212
035 ## - SYSTEM CONTROL NUMBER
System control number (BD-RjUL)830
040 ## - CATALOGING SOURCE
Original cataloging agency BD-RjUL
Language of cataloging eng
Transcribing agency BD-RjUL
Modifying agency BD-RjUL
041 ## - LANGUAGE CODE
Language code of text/sound track or separate title eng
082 04 - DEWEY DECIMAL CLASSIFICATION NUMBER
Edition number 23
Classification number 026.63
Author mark and year UDA 2005
100 10 - MAIN ENTRY--PERSONAL NAME
Personal name Uddin, MD. Hanif
9 (RLIN) 2423
245 10 - TITLE STATEMENT
Title Agricultural libraries and information system in Bangladesh /
Statement of responsibility, etc. Dr. MD.Hanif Uddin.
260 ## - PUBLICATION, DISTRIBUTION, ETC. (IMPRINT)
Place of publication, distribution, etc. Dhaka :
Name of publisher, distributor, etc. University of Dhaka,
Date of publication, distribution, etc. c2005.
300 ## - PHYSICAL DESCRIPTION
Pagination xvi, 241 p. ;
Size 23 cm.
650 07 - SUBJECT ADDED ENTRY--TOPICAL TERM
Topical term or geographic name as entry element Agricultural libraries.
9 (RLIN) 2424
Topical term or geographic name as entry element Agricultural libraries
Geographic subdivision Bangladesh.
9 (RLIN) 113830
Topical term or geographic name as entry element Agriculture
General subdivision Information services
Geographic subdivision Bangladesh.
9 (RLIN) 113831
942 ## - ADDED ENTRY ELEMENTS (KOHA)
Source of classification or shelving scheme Dewey Decimal Classification
Koha item type Books
Holdings
Lost status Source of classification or shelving scheme Damaged status Not for loan Collection code Permanent Location Current Location Shelving location Date acquired Source of acquisition Cost, normal purchase price Total Checkouts Full call number Date last seen Copy number Koha item type
  Dewey Decimal Classification     Non-fiction Central Library, University of Rajshahi Central Library, University of Rajshahi   18/07/2006 DU, Information science and Library Management. 500.00   026.63 UDA 2005 23/11/2013 C-2 Books
  Dewey Decimal Classification     Non-fiction Central Library, University of Rajshahi Central Library, University of Rajshahi   18/07/2006 DU, Information science and Library Management. 500.00   026.63 UDA 2005 23/11/2013 C-3 Books
  Dewey Decimal Classification   Not For Loan Non-fiction Central Library, University of Rajshahi Central Library, University of Rajshahi Reading Room 18/07/2006 Information science and library management dept. 500.00   026.63 UDA 2005 03/12/2016 C-1 Books